00589 2200217 4500001002100000005001700021008004100038020001800079035002400097040001200121082001300133090002000146100001400166245007000180250001100250260003600261300002000297650002300317850001200340990001900352YOGYA-0209000004701920090227031334.0 ind  a979-408-206-6 0010-020900000047019 aYOPDYOG a808.8387 a808.8387bMay P aMAY, Karl aPengembaraan Dr. Karl Maybputera-putera suku membrenyocKarl May aCet. 4 aJakartabPradnya Paramitac1990 a...jil.c21 cm. aCerita Petualangan aYOPDYOG a107927-P/98b1